000 00803nam a2200229Ii 4500
003 JO-AjNU
008 230605s9999||||xx |||||||||||||| ||und||
017 _a2008/6/1736
020 _a978-9957-32-405-6
040 _aJO-AjNU
_bara
_erda
_cJO-AjNU
041 _aara
050 1 4 _aK94.A2238.2009
100 3 _a عبد الهادي ، حيدر أدهم ,
_eauthor
_921450
245 0 0 _aأصول الصياغة القانونية
250 _aط1
264 3 1 _aعمان : دار الحامد ، 2008
300 _a109ص
336 _atext
_btxt
_2rdacontent
337 _aunmediated
_bn
_2rdamedia
338 _avolume
_bnc
_2rdacarrier
650 4 _aالقانون -- أصول المحاكم -- العلوم القانونية -- أسلوب الكتابة -- إجراءات المحاكم
_921451
999 _aA7452
_c11020
_d11020